000 003190000a22001210004500
090 _aDVD 0005
245 1 0 _aNueva versión Internacional Dios habla nuestra lengua : clara, fiel, fresca, confiable
260 _aMiami, Fl. : Vida
500 _aIncluye Folleto
306 _aDuración: 24:58
001 4998
942 _cBK
999 _c35507
_d35507